Online
Catalog

Matemática : (Record no. 12171)

MARC details
000 -CABECERA
campo de control de longitud fija 01839nam a2200265 a 4500
001 - NÚMERO DE CONTROL
campo de control 000012516
005 - FECHA Y HORA DE LA ÚLTIMA TRANSACCIÓN
campo de control 20240314123013.0
008 - DATOS DE LONGITUD FIJA--INFORMACIÓN GENERAL
campo de control de longitud fija 150130s2008 dr ac 000 0 spa d
040 ## - FUENTE DE LA CATALOGACIÓN
Centro catalogador/agencia de origen DO-SdBNP
Lengua de catalogación spa
Centro/agencia transcriptor BNPHU
082 ## - NÚMERO DE LA CLASIFICACIÓN DECIMAL DEWEY
Número de clasificación xxxx
Número de documento/Ítem xxxx
245 00 - MENCIÓN DE TÍTULO
Título Matemática :
Resto del título guías para el aprendizaje, educación básica /
Mención de responsabilidad, etc. Margarita Luciano...[et al.].
260 ## - PUBLICACIÓN, DISTRIBUCIÓN, ETC.
Lugar de publicación, distribución, etc. Santo Domingo :
Nombre del editor, distribuidor, etc. Secretaría de Estado de Educación,
Fecha de publicación, distribución, etc. 2008
Fabricante Alfa & Omega
300 ## - DESCRIPCIÓN FÍSICA
Extensión 8 v. :
Otras características físicas il., retrs. ;
Dimensiones 28 cm.
490 1# - MENCIÓN DE SERIE
Mención de serie Escuela multigrado innovada
500 ## - NOTA GENERAL
Nota general educación básica.
500 ## - NOTA GENERAL
Nota general Propiedad de la Secretaria de Estado de Educación. Prohibida su venta.
500 ## - NOTA GENERAL
Nota general La biblioteca solamente posee los volumenes 5 y 6.
505 1# - NOTA DE CONTENIDO CON FORMATO
Nota de contenido con formato v. 1 :
Información miscelánea unidad 1 --
Título Leemos, escribimos y operamos con números naturales --
Información miscelánea unidad 2 --
Título Realizamos otras operaciones con números naturales --
Información miscelánea unidad 3 --
Título Comparamos, ordenamos y operamos números fraccionarios --
Información miscelánea unidad 4 --
Título Conocemos y aplicamos los números decimales --
Información miscelánea unidad 5 --
Título Razones, proporciones y porcentajes --
Información miscelánea unidad 6 --
Título Identificamos la geometría en la vida --
Información miscelánea unidad 7 --
Título Mediciones --
Información miscelánea unidad 8 --
Título Organizamos y analizamos datos --
505 1# - NOTA DE CONTENIDO CON FORMATO
Nota de contenido con formato v. 6 :
Información miscelánea unidad 1 --
Título Exploramos los números y operamos con ellos --
Información miscelánea unidad 2 --
Título Realizamos operaciones con las fracciones --
Información miscelánea unidad 3 --
Título Resolvemos problemas con números decimales --
Información miscelánea unidad 4 --
Título Construimos y exploramos polígonos regulares e irregulares --
Información miscelánea unidad 5 --
Título Paso a paso: de la pulgada al pie llegamos a la yarda --
Información miscelánea unidad 6 --
Título Utilizamos tablas y gráficas para resolver problemas --
700 ## - PUNTO DE ACCESO ADICIONAL--NOMBRE DE PERSONA
Nombre de persona Luciano, Margarita
9 (RLIN) 29227
700 1# - PUNTO DE ACCESO ADICIONAL--NOMBRE DE PERSONA
Nombre de persona Martín, Ángela
9 (RLIN) 29228
700 1# - PUNTO DE ACCESO ADICIONAL--NOMBRE DE PERSONA
Nombre de persona Sánchez González, Daisy
9 (RLIN) 29229
700 1# - PUNTO DE ACCESO ADICIONAL--NOMBRE DE PERSONA
Nombre de persona Uribe, Leonidas Rafael
9 (RLIN) 29230
830 #0 - PUNTO DE ACCESO ADICIONAL DE SERIE-TÍTULO UNIFORME
Título uniforme Escuela multigrado innovada
9 (RLIN) 29231
Holdings
Estado de retiro Estado de pérdida No para préstamo Código de colección Localización permanente Ubicación/localización actual Ubicación en estantería Fecha de adquisición Número de inventario Total de préstamos Signatura topográfica completa Código de barras Fecha visto por última vez Precio válido a partir de Tipo de ítem Koha
    Excluido de préstamo Patrimonio Dominicano Patrimonio Dominicano Patrimonio Dominicano Depósito 13.11.2009 LF1   xxxx xxxx 12516-10 25.06.2020 25.06.2020 Libro y Folleto Colección Patrimonio Dominicano
    Excluido de préstamo Patrimonio Dominicano Patrimonio Dominicano Patrimonio Dominicano Depósito 13.11.2009 LF1   xxxx xxxx 12516-20 25.06.2020 25.06.2020 Libro y Folleto Colección Patrimonio Dominicano

Powered by Koha